000 00525nam a2200193Ia 4500
005 20250423094334.0
008 250422s9999 xx 000 0 und d
020 _a9788121930772
050 _aQA 76.9.A73 .S454/
100 _aChopra, Rajiv
245 0 _aAdvanced computer architecture
250 _a3th ed.
260 _aNew Delhi
260 _bS.Chand & company pvt Ltd.
260 _c2015
300 _a502 p
650 _a Computer architecture. High performance computing. Parallel computers.
942 _cBK
999 _c26951
_d26951